000 00352nam a2200133Ia 4500
008 220204s9999 xx 000 0 und d
082 _a581.5
_bCLO
100 _aCLOVDSLEY-THOMPSON, J L
245 0 _aMicrobiology
260 _aLondon
_bELBS
_c1973
490 _aInstitute of Biology's studies in biology; no. 6
650 _aMicroecology
942 _cBK
999 _c23461
_d23461